[Event "Saint-Chely d'Aubrac Op"]
[Site "Saint-Chely d'Aubrac"]
[Date "2006.07.19"]
[Round "6.1"]
[White "Grigore, George-Gabriel"]
[Black "Degraeve, Jean-Marc"]
[Result "0-1"]
[WhiteElo "2472"]
[BlackElo "2540"]
[PlyCount "98"]
[EventDate "2006.07.??"]

1. d4 d6 2. Nf3 g6 3. c4 Bg7 4. Nc3 c5 5. dxc5 Bxc3+ 6. bxc3 dxc5 7. Qxd8+ Kxd8
8. Ne5 Be6 9. g3 Nd7 10. Nxd7 Kxd7 11. Bg2 Bxc4 12. Rb1 Ba6 13. O-O Nf6 14.
Rd1+ Kc8 15. Bg5 Re8 16. Bxf6 exf6 17. Rd6 Rb8 18. Rxf6 Bc4 19. a4 Be6 20. a5
b6 21. axb6 Rxb6 22. Ra1 Re7 23. f4 Kd8 24. h3 h5 25. Bf3 Bxh3 26. Rxb6 axb6
27. Ra6 Bg4 28. Rxb6 Bxf3 29. exf3 Re3 30. Kf2 Rxc3 31. f5 g5 32. Rh6 h4 33.
gxh4 gxh4 34. Rd6+ Ke7 35. Rd5 Kf6 36. Kg2 Rc2+ 37. Kg1 c4 38. Kf1 c3 39. Rc5
Rc1+ 40. Kf2 Kg5 41. Kg2 Rc2+ 42. Kg1 Kf6 43. Kf1 Ke7 44. Kg1 Kd6 45. Rc8 f6
46. Kf1 Ke5 47. Re8+ Kd4 48. Rd8+ Ke3 49. Rc8 Kxf3 0-1

[Event "Saint-Chely d'Aubrac Op"]
[Site "Saint-Chely d'Aubrac"]
[Date "2006.07.19"]
[Round "6.2"]
[White "Meijers, Viesturs"]
[Black "Mullon, Jean-Baptiste"]
[Result "1-0"]
[WhiteElo "2474"]
[BlackElo "2375"]
[PlyCount "65"]
[EventDate "2006.07.??"]

1. e4 e6 2. d4 d5 3. exd5 exd5 4. Nf3 Nf6 5. c4 Bb4+ 6. Nc3 O-O 7. Bd3 dxc4 8.
Bxc4 Re8+ 9. Be3 Be6 10. Qb3 Nc6 11. Bxe6 Rxe6 12. O-O Bxc3 13. bxc3 Na5 14.
Qa4 b6 15. c4 Ng4 16. Bd2 Nb7 17. Rfe1 Qe8 18. Qc2 h6 19. d5 Rxe1+ 20. Rxe1 Qd7
21. h3 Nf6 22. Ne5 Qd6 23. Nc6 a6 24. Ne7+ Kh8 25. Nf5 Qd8 26. Re3 Nd6 27. Nxg7
Kxg7 28. Rg3+ Kf8 29. Bxh6+ Ke7 30. Bg5 Kd7 31. Rf3 Kc8 32. Bxf6 Qe8 33. Re3
1-0

[Event "Saint-Chely d'Aubrac Op"]
[Site "Saint-Chely d'Aubrac"]
[Date "2006.07.19"]
[Round "6.3"]
[White "Hassler, Franck"]
[Black "Riff, Jean-Noel"]
[Result "1/2-1/2"]
[WhiteElo "2222"]
[BlackElo "2444"]
[PlyCount "100"]
[EventDate "2006.07.??"]

1. Nf3 c5 2. g3 Nc6 3. Bg2 e5 4. O-O g6 5. e4 Bg7 6. d3 Nge7 7. Nc3 d6 8. Nh4
O-O 9. Be3 Nd4 10. Qd2 Rb8 11. Ne2 Be6 12. c3 Nxe2+ 13. Qxe2 b5 14. f4 exf4 15.
Bxf4 b4 16. c4 Nc6 17. Nf3 a5 18. Qd2 a4 19. Bh6 Qf6 20. Bxg7 Qxg7 21. Kh1 Bg4
22. Ng1 Qe5 23. Rae1 Nd4 24. Bh3 Be6 25. Rf2 Qh5 26. Kg2 b3 27. a3 Nc2 28. Ref1
Qe5 29. Rb1 Rbe8 30. Ne2 Bxh3+ 31. Kxh3 f5 32. Nc3 fxe4 33. Nxe4 Qe6+ 34. Kg2
Rxf2+ 35. Qxf2 Rf8 36. Qd2 Qf5 37. Qf4 {(=)} 37... Qxf4 38. gxf4 Rxf4 39. Nxd6
Rd4 40. Ne4 Rxd3 41. Nxc5 Rd4 42. Nxa4 Rxc4 43. Nb6 Rd4 44. Kg3 Kf7 45. Rf1+
Ke6 46. Rf3 Na1 47. Rc3 Rd2 48. Re3+ Kf6 49. Nc4 Rc2 50. Re4 Rc1 1/2-1/2

[Event "Saint-Chely d'Aubrac Op"]
[Site "Saint-Chely d'Aubrac"]
[Date "2006.07.19"]
[Round "6.4"]
[White "Furrer, Marc"]
[Black "Boudre, Jean-Pierre"]
[Result "1/2-1/2"]
[WhiteElo "2184"]
[BlackElo "2315"]
[PlyCount "69"]
[EventDate "2006.07.??"]

1. d4 d5 2. Nc3 Nf6 3. Bg5 Nbd7 4. Nf3 c6 5. e3 g6 6. Bd3 Bg7 7. O-O O-O 8. Qe2
Re8 9. Kh1 e5 10. dxe5 Nxe5 11. Nxe5 Rxe5 12. f4 Re8 13. e4 dxe4 14. Nxe4 Bf5
15. Qf3 Bxe4 16. Bxe4 Qd4 17. Bd3 Re3 18. Bxf6 Bxf6 19. Qf2 Rae8 20. g4 Qxb2
21. Rab1 Qxa2 22. Rxb7 Qd5+ 23. Qg2 Re1 24. Qxd5 Rxf1+ 25. Bxf1 cxd5 26. Rxa7
Re4 27. Rd7 Rxf4 28. Bg2 d4 29. Bd5 Bh4 30. Kg2 Kg7 31. Kh3 g5 32. Bc4 h6 33.
Bd3 Bf2 34. Rd5 Be3 35. Rf5 1/2-1/2

[Event "Saint-Chely d'Aubrac Op"]
[Site "Saint-Chely d'Aubrac"]
[Date "2006.??.19"]
[Round "6.5"]
[White "Humeau, Cyril"]
[Black "Staub, Ludovic"]
[Result "1/2-1/2"]
[WhiteElo "2095"]
[BlackElo "2153"]
[PlyCount "34"]
[EventDate "2006.07.??"]

1. e4 c6 2. d4 d5 3. Nc3 dxe4 4. Nxe4 Bf5 5. Ng3 Bg6 6. h4 h6 7. Nf3 Nd7 8. h5
Bh7 9. Bd3 Bxd3 10. Qxd3 e6 11. Bd2 Qc7 12. O-O-O Ngf6 13. Kb1 O-O-O 14. Ne4
Nxe4 15. Qxe4 Nf6 16. Qe2 Bd6 17. c4 Rhe8 1/2-1/2

[Event "Saint-Chely d'Aubrac Op"]
[Site "Saint-Chely d'Aubrac"]
[Date "2006.07.19"]
[Round "6.6"]
[White "Karpatchev, Aleksandr"]
[Black "Tassetti, Matthieu"]
[Result "1-0"]
[WhiteElo "2533"]
[BlackElo "1979"]
[PlyCount "61"]
[EventDate "2006.07.??"]

1. e4 g6 2. d4 Bg7 3. Nc3 c6 4. Nf3 d5 5. Bf4 dxe4 6. Nxe4 Nd7 7. Qe2 Nh6 8.
Nd6+ Kf8 9. Nxc8 Rxc8 10. Qd2 Ng4 11. h3 Ngf6 12. Be2 Nd5 13. Bh6 N7f6 14. Bd3
c5 15. dxc5 Rxc5 16. O-O Qa5 17. c3 Qc7 18. c4 Nb6 19. b3 Rh5 20. Bf4 Qc8 21.
Rad1 Nbd7 22. Rfe1 Nc5 23. Bc2 Ne6 24. Be3 b5 25. Ng5 bxc4 26. bxc4 h6 27.
Nxe6+ Qxe6 28. Qd8+ Ne8 29. Qxe8+ Kxe8 30. Ba4+ Qd7 31. Rxd7 1-0

[Event "Saint-Chely d'Aubrac Op"]
[Site "Saint-Chely d'Aubrac"]
[Date "2006.07.19"]
[Round "6.8"]
[White "Lagunes, Jean-Renaud"]
[Black "Larand, Manuel"]
[Result "1/2-1/2"]
[WhiteElo "2151"]
[BlackElo "2078"]
[PlyCount "32"]
[EventDate "2006.07.??"]

1. e4 d6 2. d4 Nf6 3. Nc3 g6 4. Bg5 Bg7 5. e5 Nfd7 6. exd6 cxd6 7. Qd2 Nc6 8.
Nf3 Qa5 9. Bh6 Bxh6 10. Qxh6 Nf6 11. O-O-O Be6 12. a3 O-O-O 13. Qg5 Nd5 14.
Nxd5 14... Bxd5 {(=)} 15. Qf4 b5 16. c3 Kb8 1/2-1/2

[Event "Saint-Chely d'Aubrac Op"]
[Site "Saint-Chely d'Aubrac"]
[Date "2006.07.19"]
[Round "6.9"]
[White "Laine, Patrice"]
[Black "Carno, Matthias"]
[Result "1/2-1/2"]
[WhiteElo "2060"]
[BlackElo "1880"]
[PlyCount "75"]
[EventDate "2006.07.??"]

1. d4 g6 2. c4 Bg7 3. e4 d6 4. Nf3 Nd7 5. Be2 e5 6. Bg5 Ne7 7. Nc3 O-O 8. Qd2
a6 9. O-O Qe8 10. Bxe7 Qxe7 11. Nd5 Qd8 12. dxe5 Nxe5 13. Nxe5 Bxe5 14. f4 Bg7
15. Rad1 Re8 16. Bf3 Bd7 17. b4 Bc6 18. Qc2 Bxd5 19. Rxd5 c6 20. Rd3 Qb6+ 21.
Kh1 Qxb4 22. Rb1 Qa5 23. Rxd6 Rad8 24. Rdd1 24... b5 {(=)} 25. e5 Rxd1+ 26.
Rxd1 Rc8 27. g3 Bf8 28. Rd7 Bc5 29. cxb5 cxb5 30. Bd5 Qe1+ 31. Kg2 Qg1+ 32. Kh3
Rf8 33. a4 a5 34. axb5 (34. Qb3 $142) 34... Qf1+ 35. Kh4 Qxb5 36. Rb7 Be7+ 37.
Rxe7 Qxd5 38. Ra7 1/2-1/2

[Event "Saint-Chely d'Aubrac Op"]
[Site "Saint-Chely d'Aubrac"]
[Date "2006.07.19"]
[Round "6.10"]
[White "Labarthe, Arnaud"]
[Black "Lengert, Martin"]
[Result "1-0"]
[WhiteElo "2044"]
[BlackElo "1871"]
[PlyCount "51"]
[EventDate "2006.07.??"]

1. d4 d5 2. c4 e6 3. Nc3 Nf6 4. cxd5 exd5 5. Bg5 Be7 6. e3 Bf5 7. Bxf6 Bxf6 8.
Qb3 Qc8 9. Nxd5 Nd7 10. Nxf6+ Nxf6 11. Qa3 Qe6 12. Rc1 c6 13. Bc4 Nd5 14. Ne2
Qe4 15. Bxd5 Qxd5 16. Rc5 Qxg2 17. Rg1 Qf3 18. Re5+ Be6 19. Rxg7 Qh1+ 20. Kd2
O-O-O 21. Qxa7 Qxh2 22. Rxe6 Qxf2 23. Re7 Rxd4+ 24. exd4 Qxe2+ 25. Kxe2 Re8 26.
Qxb7+ 1-0

[Event "Saint-Chely d'Aubrac Op"]
[Site "Saint-Chely d'Aubrac"]
[Date "2006.07.19"]
[Round "6.11"]
[White "Sidibe, Malika"]
[Black "Duffau, Pascal"]
[Result "1/2-1/2"]
[WhiteElo "1815"]
[BlackElo "2040"]
[PlyCount "38"]
[EventDate "2006.07.??"]

1. Nf3 Nf6 2. c4 e6 3. e3 b6 4. b3 Bb7 5. Bb2 Be7 6. Nc3 O-O 7. d4 d5 8. Bd3
Nbd7 9. O-O Ne4 10. Qc2 Ndf6 11. Rad1 a6 12. Nd2 Bd6 13. Ndxe4 Nxe4 14. Nxe4
dxe4 15. Bxe4 Bxh2+ 16. Kxh2 Qh4+ 17. Kg1 Bxe4 18. Qc3 Bxg2 19. Kxg2 Qg4+
1/2-1/2

[Event "Saint-Chely d'Aubrac Op"]
[Site "Saint-Chely d'Aubrac"]
[Date "2006.07.19"]
[Round "6.12"]
[White "Desboeufs, Alexandre"]
[Black "Della Ragione, Enzo"]
[Result "1-0"]
[WhiteElo "2028"]
[BlackElo "1720"]
[PlyCount "61"]
[EventDate "2006.07.??"]

1. e4 c5 2. Nc3 Nc6 3. f4 d6 4. Nf3 Nf6 5. Bc4 g6 6. d3 Bg7 7. O-O O-O 8. Qe1
Bg4 9. Qh4 Bxf3 10. Rxf3 e6 11. f5 Nd4 12. Rf2 exf5 13. Bg5 Ne6 14. exf5 Nxg5
15. Qxg5 h6 16. Qg3 Kh7 17. Bxf7 gxf5 18. Bg6+ Kg8 19. Rxf5 Nh7 20. Raf1 Bd4+
21. Kh1 Rxf5 22. Bxf5+ Qg5 23. Qxd6 Kh8 24. Ne4 Qd8 25. Qg6 Qg8 26. c3 Qxg6 27.
Bxg6 Be3 28. Bf5 Bg5 29. Bxh7 Kxh7 30. Nxc5 Re8 31. Ne4 1-0

[Event "Saint-Chely d'Aubrac Op"]
[Site "Saint-Chely d'Aubrac"]
[Date "2006.07.19"]
[Round "6.13"]
[White "Nass, Emile"]
[Black "Lagunes, Matthieu"]
[Result "1-0"]
[WhiteElo "2015"]
[BlackElo "1860"]
[PlyCount "109"]
[EventDate "2006.07.??"]

1. d4 d6 2. Nf3 g6 3. g3 Bg7 4. Bg2 Nf6 5. O-O c6 6. c4 O-O 7. Nc3 Re8 8. e4
Qc7 9. b3 Nbd7 10. Qe2 e5 11. dxe5 dxe5 12. Rd1 Nc5 13. b4 Ne6 14. Bb2 Qb6 15.
a3 Nd4 16. Nxd4 exd4 17. Na4 Qc7 18. Bxd4 Be6 19. Nc5 b6 20. Nxe6 Rxe6 21. Qb2
Qe7 22. e5 Ng4 23. f4 Rc8 24. h3 Nh6 25. Bc3 Nf5 26. Rd3 Qc7 27. Rad1 Re7 28.
Qd2 h5 29. Kf2 h4 30. g4 Ng3 31. Rd7 Rxd7 32. Qxd7 c5 33. Qxc7 Rxc7 34. Rd8+
Kh7 35. Bd5 cxb4 36. Bxb4 b5 37. Bd6 Rxc4 38. Bxc4 bxc4 39. Rc8 c3 40. Ke3 Bh6
41. Rxc3 Bxf4+ 42. Kf3 g5 43. Rc7 Kg6 44. Rxa7 Nf1 45. a4 Nd2+ 46. Kg2 Nc4 47.
Rc7 Ne3+ 48. Kf3 Nd5 49. a5 f5 50. Rb7 fxg4+ 51. Kxg4 Ne3+ 52. Kf3 Nf5 53. a6
Nd4+ 54. Ke4 Nc6 55. a7 1-0

[Event "Saint-Chely d'Aubrac Op"]
[Site "Saint-Chely d'Aubrac"]
[Date "2006.07.19"]
[Round "6.14"]
[White "Lagunes, Robin"]
[Black "Rabier, Jean"]
[Result "0-1"]
[WhiteElo "1803"]
[BlackElo "1972"]
[PlyCount "60"]
[EventDate "2006.07.??"]

1. e4 c5 2. Nf3 a6 3. d4 cxd4 4. Nxd4 Nf6 5. Nc3 d6 6. Be3 g6 7. Be2 Bg7 8. h3
O-O 9. Qd2 b5 10. Bh6 Bb7 11. Bxg7 Kxg7 12. f3 Nbd7 13. g4 Rh8 14. g5 Nh5 15.
Rg1 e5 16. Nf5+ gxf5 17. exf5 Nb6 18. O-O-O Nf4 19. Qe1 Kf8 20. Qh4 h5 21. Rg4
Nxe2+ 22. Nxe2 Bxf3 23. Ng3 Bxg4 24. hxg4 Rg8 25. f6 hxg4 26. Nf5 Nc8 27. Rh1
Ke8 28. Qxg4 Qxf6 29. Qf3 Qxg5+ 30. Kb1 Qg1+ 0-1

[Event "Saint-Chely d'Aubrac Op"]
[Site "Saint-Chely d'Aubrac"]
[Date "2006.07.19"]
[Round "6.15"]
[White "Boulet, Stephane"]
[Black "Weigel, Marie"]
[Result "1-0"]
[WhiteElo "1886"]
[BlackElo "1720"]
[PlyCount "39"]
[EventDate "2006.07.??"]

1. e4 c5 2. Nf3 e6 3. b3 a6 4. Bb2 Nc6 5. Be2 d5 6. exd5 exd5 7. d4 Nf6 8. dxc5
Bxc5 9. O-O O-O 10. Nd4 Be6 11. Bf3 Rc8 12. Nxe6 fxe6 13. Nc3 Qc7 14. Nxd5 Nxd5
15. Bxd5 Bxf2+ 16. Rxf2 exd5 17. Qxd5+ Kh8 18. Raf1 Qb6 19. Bd4 Qb4 20. Bc5 1-0

[Event "Saint-Chely d'Aubrac Op"]
[Site "Saint-Chely d'Aubrac"]
[Date "2006.07.19"]
[Round "6.16"]
[White "Joli, Laurent"]
[Black "Sauvan, Olivier"]
[Result "1/2-1/2"]
[WhiteElo "1944"]
[BlackElo "2017"]
[PlyCount "125"]
[EventDate "2006.07.??"]

1. e4 d6 2. d4 Nf6 3. Bd3 e5 4. c3 d5 5. dxe5 Nxe4 6. Bxe4 dxe4 7. Qxd8+ Kxd8
8. Ne2 Bf5 9. Bf4 Nd7 10. Ng3 Bg6 11. Nd2 Nc5 12. Be3 Nd3+ 13. Ke2 Nxe5 14.
Ngxe4 h6 15. Rhd1 Kc8 16. h3 f5 17. Bf4 Bh5+ 18. g4 Ng6 19. Ke3 fxe4 20. gxh5
Bc5+ 21. Kxe4 Re8+ 22. Kf3 Nxf4 23. Kxf4 Rf8+ 24. Kg4 Bxf2 25. Rf1 Kd7 26. Rad1
26... Kc6 {(=)} 27. Nf3 Bc5 28. Ne5+ Kb5 29. c4+ Kb4 30. a3+ Kb3 31. Rxf8 Bxf8
32. Rd7 Bd6 33. Nf7 Bh2 34. Kf5 Kxb2 35. Rd2+ Kxa3 36. Rxh2 Kb4 37. Rb2+ Kxc4
38. Rxb7 c5 39. Ne5+ Kc3 40. Rxg7 a5 41. Rg6 a4 42. Rxh6 a3 43. Rg6 a2 44. Rg1
a1=Q 45. Rxa1 Rxa1 46. h6 Ra7 47. Kg6 c4 48. h7 Ra8 49. Kg7 Kb3 50. h8=Q Rxh8
51. Kxh8 c3 52. Nf3 Kc4 53. Ne1 Kd4 54. h4 Ke5 55. h5 Kf6 56. Kh7 Kf7 57. Kh6
Kf6 58. Nc2 Kf7 59. Ne3 Kf8 60. Kg6 Kg8 61. h6 Kh8 62. h7 (62. Nc4 c2 63. Ne5
c1=Q 64. Nf7+ Kg8 65. h7+ Kf8 66. h8=Q+ Ke7 67. Qd8+ Ke6 68. Qd6#) 62... c2 63.
Nxc2 1/2-1/2

[Event "Saint-Chely d'Aubrac Op"]
[Site "Saint-Chely d'Aubrac"]
[Date "2006.07.19"]
[Round "6.17"]
[White "De Biasi, Robert"]
[Black "Ritzenthaler, Stephane"]
[Result "1-0"]
[WhiteElo "1818"]
[BlackElo "2007"]
[PlyCount "83"]
[EventDate "2006.07.??"]

1. e4 c5 2. Nf3 Nc6 3. d4 cxd4 4. Nxd4 Nf6 5. Nc3 e5 6. Ndb5 d6 7. Bg5 a6 8.
Na3 Be7 9. Bxf6 Bxf6 10. Nd5 Bg5 11. Be2 O-O 12. O-O f5 13. exf5 Bxf5 14. c3
Kh8 15. Nc2 Ne7 16. Nce3 Bxe3 17. Nxe3 Qb6 18. Nc4 Qb5 19. Qxd6 Nc6 20. Qd2
Rad8 21. Qc1 Qc5 22. Ne3 Be4 23. b4 Qb6 24. Nc4 Qc7 25. Qe3 Bd5 26. a4 Bxc4 27.
Bxc4 Nxb4 28. cxb4 Qxc4 29. Qxe5 Qxb4 30. Rfb1 Qd2 31. Qe1 Rf7 32. Rd1 Qxe1+
33. Rxe1 Kg8 34. a5 Kf8 35. Re2 Rf5 36. g4 Rg5 37. Re4 Rdd5 38. h4 Rxa5 39.
Rae1 Rgb5 40. Rf4+ Rf5 41. Rxf5+ Rxf5 42. gxf5 1-0

[Event "Saint-Chely d'Aubrac Op"]
[Site "Saint-Chely d'Aubrac"]
[Date "2006.07.19"]
[Round "6.18"]
[White "Boulier, Rene"]
[Black "Lengert, Vincent"]
[Result "1-0"]
[WhiteElo "1993"]
[BlackElo "1786"]
[PlyCount "95"]
[EventDate "2006.07.??"]

1. e4 e5 2. Nf3 Nc6 3. Bc4 Bc5 4. b4 Bxb4 5. c3 Bc5 6. d4 exd4 7. O-O dxc3 8.
Nxc3 Nge7 9. Bg5 f6 10. Bf4 d6 11. h3 b6 12. a4 Bd7 13. Ba2 Qc8 14. Nd5 Qb7 15.
Qe2 Nb4 16. Bc4 c6 17. Nxe7 Kxe7 18. Rad1 b5 19. axb5 cxb5 20. Bd5 Nxd5 21.
exd5+ Kd8 22. Qb2 Re8 23. Qc2 h6 24. Qg6 Re7 25. Qg3 Qb6 26. h4 a5 27. Rc1 Rc8
28. h5 Bb4 29. Nh4 Rc5 30. Bxd6 Rf7 31. Bxc5 Bxc5 32. Ng6 b4 33. Qf3 a4 34. d6
Bc6 35. Qf5 Bxd6 36. Qe6 Rd7 37. Rfd1 Kc7 38. Ne7 Kb7 39. Rxd6 Rxd6 40. Qxd6
Bb5 41. Qd5+ Ka6 42. Rc8 Qb7 43. Qd6+ Ka5 44. Qd8+ Qb6 45. Ra8+ Ba6 46. Qd5+
Qb5 47. Nc6+ Kb6 48. Rb8+ 1-0

[Event "Saint-Chely d'Aubrac Op"]
[Site "Saint-Chely d'Aubrac"]
[Date "2006.07.19"]
[Round "6.19"]
[White "Jouet-Pastre, Alban"]
[Black "Trzesniower, Jacques"]
[Result "1-0"]
[WhiteElo "1972"]
[BlackElo "1550"]
[PlyCount "57"]
[EventDate "2006.07.??"]

1. e4 c5 2. Nf3 e6 3. Nc3 a6 4. g3 Qc7 5. Bg2 Nc6 6. O-O Nf6 7. d3 d6 8. Be3
Be7 9. Nd2 O-O 10. a4 Rb8 11. f4 Rd8 12. Ne2 Ng4 13. Bf2 Nxf2 14. Rxf2 Bf6 15.
c3 Qb6 16. Nc4 Qc7 17. Ne3 b6 18. Qc2 Bb7 19. f5 exf5 20. Nd5 Qd7 21. Nxf6+
gxf6 22. Rxf5 Qe7 23. Raf1 Ne5 24. c4 Rf8 25. Nf4 Ng6 26. Nh5 Kh8 27. Nxf6 Kg7
28. Rh5 Rh8 29. Qd2 1-0

[Event "Saint-Chely d'Aubrac Op"]
[Site "Saint-Chely d'Aubrac"]
[Date "2006.07.19"]
[Round "6.20"]
[White "Lassis, Patrick"]
[Black "Lefebvre, Stephane"]
[Result "1-0"]
[WhiteElo "1760"]
[BlackElo "1810"]
[PlyCount "99"]
[EventDate "2006.07.??"]

1. Nf3 d5 2. d4 e6 3. Nbd2 Nf6 4. e3 Bd6 5. Bd3 O-O 6. c3 Nbd7 7. Qc2 e5 8.
dxe5 Nxe5 9. Nxe5 Bxe5 10. Nf3 Re8 11. Bd2 c5 12. Nxe5 Rxe5 13. O-O c4 14. Be2
Bf5 15. Qd1 Ne4 16. f3 Nxd2 17. Qxd2 Qe7 18. e4 Rd8 19. Rad1 Rd7 20. Qf4 dxe4
21. Rxd7 Bxd7 22. Bxc4 exf3 23. Bxf7+ Kh8 24. Rxf3 g5 25. Qf6+ Qxf6 26. Rxf6
Kg7 27. Rf1 Re2 28. Bc4 Re7 29. Kf2 Be6 30. Bxe6 Rxe6 31. Rd1 Rb6 32. b3 a5 33.
Rd5 a4 34. b4 Kg6 35. a3 Rc6 36. Rd3 Kf5 37. h3 h6 38. Kf3 Ke5 39. g4 Rc4 40.
Ke2 Ke4 41. Kd2 41... Rc6 {(=)} 42. Rd4+ Kf3 43. b5 Rb6 44. c4 Re6 45. Rd3+ Kf2
46. Kc3 Re3 47. c5 (47. Rxe3 Kxe3 48. c5 $18) 47... Re5 48. Kd4 Re6 49. Kd5 Re8
50. Rc3 1-0

[Event "Saint-Chely d'Aubrac Op"]
[Site "Saint-Chely d'Aubrac"]
[Date "2006.07.19"]
[Round "6.21"]
[White "Desboeufs, Claude"]
[Black "Magnier, Patrice"]
[Result "0-1"]
[WhiteElo "1580"]
[BlackElo "2080"]
[PlyCount "71"]
[EventDate "2006.07.??"]

1. a3 g6 2. Nf3 Bg7 3. d3 d5 4. g3 e5 5. Bg2 c5 6. O-O Nc6 7. Nc3 Nf6 8. Nd2
O-O 9. e4 Bg4 10. f3 Be6 11. Ne2 Qd7 12. Rf2 Bh6 13. Nf1 Bxc1 14. Qxc1 dxe4 15.
dxe4 Bc4 16. c3 Rad8 17. g4 Rfe8 18. h4 h5 19. gxh5 Nxh5 20. Nfg3 Ng7 21. h5
Bxe2 22. Rxe2 Qe7 23. hxg6 fxg6 24. Qh6 Rd6 25. Kf2 Nd8 26. Rh1 Nf7 27. Qe3 b6
28. Kg1 Rd1+ 29. Bf1 Qg5 30. Kg2 Red8 31. Qxg5 Nxg5 32. Rf2 N7e6 33. Bc4 Rxh1
34. Nxh1 Kg7 35. Bxe6 Nxe6 36. Re2 0-1

[Event "Saint-Chely d'Aubrac Op"]
[Site "Saint-Chely d'Aubrac"]
[Date "2006.07.19"]
[Round "6.22"]
[White "Gouillart, Sylvain"]
[Black "Michel, Jerome"]
[Result "1-0"]
[WhiteElo "1888"]
[BlackElo "1640"]
[PlyCount "85"]
[EventDate "2006.07.??"]

1. c4 e5 2. Nc3 f5 3. d3 Nf6 4. g3 Bb4 5. Bg2 O-O 6. Bd2 Nc6 7. a3 Bxc3 8. Bxc3
d6 9. Nf3 Rb8 10. O-O Bd7 11. b4 b6 12. b5 Ne7 13. a4 Ng6 14. a5 f4 15. axb6
axb6 16. Ra7 Ng4 17. h3 Nh6 18. Kh2 18... Nf5 {(=)} 19. Qd2 Rc8 20. e4 Nh6 21.
d4 Nf7 22. dxe5 Qe7 23. exd6 Nxd6 24. Qd4 Be6 25. Bb4 Rfd8 26. e5 c5 27. Rxe7
cxd4 28. Rxe6 Nxc4 29. Rd1 fxg3+ 30. Kxg3 d3 31. Bd6 Nb2 32. Ng5 h6 33. Rxg6
hxg5 34. Bd5+ Kh8 35. Rxg5 Kh7 36. Be4+ Kg8 37. Rd2 Nc4 38. Bd5+ Kh7 39. Bxc4
Rxc4 40. Rxd3 Kh6 41. Rg4 Rc1 42. Rgd4 Rg1+ 43. Kh2 1-0

[Event "Saint-Chely d'Aubrac Op"]
[Site "Saint-Chely d'Aubrac"]
[Date "2006.07.19"]
[Round "6.23"]
[White "Schneider, Alec"]
[Black "Gipouloux, Laurent"]
[Result "0-1"]
[WhiteElo "1550"]
[BlackElo "1806"]
[PlyCount "54"]
[EventDate "2006.07.??"]

1. c4 Nf6 2. Nc3 d5 3. cxd5 Nxd5 4. e4 Nb6 5. d4 Nc6 6. Nge2 g6 7. d5 Ne5 8.
Bf4 Bg7 9. Ng3 O-O 10. Be2 Nbc4 11. b3 Nf3+ 12. Kf1 Nd6 13. Bxf3 Bxc3 14. Rc1
Bg7 15. Qc2 e5 16. dxe6 fxe6 17. Be3 Rf7 18. Rd1 Qf8 19. Bc5 e5 20. Qd3 b6 21.
Bxd6 cxd6 22. Qd5 Kh8 23. Re1 Ba6+ 24. Kg1 Rc8 25. Qd2 Rfc7 26. a4 Bh6 27. Qb2
Rc1 0-1

[Event "Saint-Chely d'Aubrac Op"]
[Site "Saint-Chely d'Aubrac"]
[Date "2006.07.20"]
[Round "6.24"]
[White "Weck, Myriam"]
[Black "Messinger, Karl"]
[Result "0-1"]
[WhiteElo "1803"]
[BlackElo "1480"]
[PlyCount "100"]
[EventDate "2006.07.??"]

1. Nf3 Nf6 2. d4 g6 3. Bf4 Bg7 4. e3 O-O 5. c4 d6 6. Bd3 Nc6 7. Qd2 Nh5 8. Bg3
Nxg3 9. hxg3 e5 10. d5 Ne7 11. e4 f5 12. Nc3 c6 13. O-O-O cxd5 14. cxd5 Bd7 15.
Kb1 Rc8 16. Rc1 a6 17. Qe1 b5 18. Rxh7 Kxh7 19. Ng5+ Kg8 20. Qh1 Rf6 21. Qh2 b4
22. Ne2 Rxc1+ 23. Nxc1 a5 24. Qh7+ Kf8 25. Qh4 Ke8 26. Qh7 Bf8 27. Ne6 Bxe6 28.
dxe6 Qb6 29. exf5 gxf5 30. Qh5+ Kd8 31. Qh8 Rxe6 32. Qxf8+ Kd7 33. Qf7 e4 34.
Bc4 d5 35. Bxd5 Rd6 36. Bb3 Qc6 37. Qh5 a4 38. Bf7 Kc7 39. Be8 Qa6 40. Qg5 Re6
41. Qf4+ Qd6 42. Qe3 a3 43. Qa7+ Kd8 44. Bf7 axb2 45. Qa5+ Qb6 46. Qa8+ Kc7 47.
Kxb2 Qxf2+ 48. Kb1 Rc6 49. Qa5+ Kd7 50. Qb5 Qc2+ 0-1

[Event "Saint-Chely d'Aubrac Op"]
[Site "Saint-Chely d'Aubrac"]
[Date "2006.07.20"]
[Round "6.25"]
[White "Perrin, Yannick"]
[Black "Maurand, Sylvain"]
[Result "0-1"]
[WhiteElo "1620"]
[BlackElo "1760"]
[PlyCount "134"]
[EventDate "2006.07.??"]

1. e4 c5 2. Nf3 Nc6 3. Nc3 d6 4. h3 Nf6 5. Bc4 e6 6. d3 Be7 7. O-O O-O 8. Bg5
a6 9. a3 b5 10. Ba2 Bb7 11. Re1 Qc7 12. Qd2 Rfd8 13. Rab1 Nd7 14. Ne2 Bxg5 15.
Qxg5 Nce5 16. Nxe5 Nxe5 17. Nf4 Ng6 18. Nh5 d5 19. exd5 Bxd5 20. Bxd5 Rxd5 21.
Qg4 Rad8 22. Rbd1 Qd6 23. b3 c4 24. Ng3 cxd3 25. cxd3 Rxd3 26. Rxd3 Qxd3 27.
Qb4 Qd6 28. Qa5 Qd2 29. Qxd2 Rxd2 30. Ra1 Ne5 31. Rc1 Kf8 32. Rc8+ Ke7 33. Ra8
Rd1+ 34. Kh2 Rb1 35. Rxa6 Rxb3 36. a4 b4 37. Ra7+ Kd8 38. f4 Nd7 39. Ra8+ Kc7
40. Rg8 Ra3 41. Rxg7 b3 42. Nf1 Rxa4 43. Nd2 b2 44. Rg3 Rb4 45. Rc3+ Kd8 46.
Nb1 Rxf4 47. Rb3 Rf2 48. Nc3 Nc5 49. Rb4 Rc2 50. Rc4 Rxc3 51. Rxc3 b1=Q 52.
Rxc5 Qd3 53. Rh5 e5 54. Rh4 e4 55. Rxh7 Ke7 56. Rg7 e3 57. Rg5 Kf6 58. Ra5 e2
59. Ra1 Qd6+ 60. Kh1 Qd1+ 61. Rxd1 exd1=Q+ 62. Kh2 Ke5 63. Kg3 Qg1 64. Kf3 Kf5
65. Kg3 Kg5 66. h4+ Kh5 67. Kh3 Qh1+ 0-1

[Event "Saint-Chely d'Aubrac Op"]
[Site "Saint-Chely d'Aubrac"]
[Date "2006.07.19"]
[Round "6.26"]
[White "Saucey, Capucine"]
[Black "Viennot, Dylan"]
[Result "0-1"]
[WhiteElo "1660"]
[BlackElo "1510"]
[PlyCount "74"]
[EventDate "2006.07.??"]

1. e4 c5 2. Nc3 Nc6 3. f4 e6 4. Bb5 a6 5. Bxc6 bxc6 6. Nf3 d5 7. exd5 cxd5 8.
O-O Be7 9. Kh1 Nf6 10. d4 O-O 11. Ne5 Nd7 12. Rf3 Nxe5 13. fxe5 f6 14. dxc5
Bxc5 15. exf6 d4 16. Ne4 Bb7 17. Bg5 Qc7 18. Qe2 Qe5 19. fxg7 Kxg7 20. Rg3 Kh8
21. Rg4 Rf5 22. Bh6 Bf8 23. Bxf8 Raxf8 24. Ng3 Qxe2 25. Nxe2 e5 26. Rc1 Rf1+
27. Rxf1 Rxf1+ 28. Ng1 Rf2 29. h3 Rxc2 30. Rg3 Rxb2 31. Nf3 Bxf3 32. Rxf3 e4
33. Rf4 e3 34. Re4 e2 35. Kg1 d3 36. Kf2 Rxa2 37. Rd4 Ra1 0-1

[Event "Saint-Chely d'Aubrac Op"]
[Site "Saint-Chely d'Aubrac"]
[Date "2006.07.19"]
[Round "6.27"]
[White "Marie, Olivier"]
[Black "Gazel, Bruno"]
[Result "0-1"]
[WhiteElo "1750"]
[BlackElo "1520"]
[PlyCount "28"]
[EventDate "2006.07.??"]

1. d4 Nf6 2. Nc3 g6 3. e4 d6 4. f4 Bg7 5. Nf3 O-O 6. Bd3 c5 7. Be3 cxd4 8. Bxd4
Nc6 9. Be3 Ng4 10. Bd2 Qb6 11. Qe2 Nd4 12. Nxd4 Bxd4 13. O-O-O $4 13... Nf2 14.
Nd5 $4 14... Qxb2# 0-1

[Event "Saint-Chely d'Aubrac Op"]
[Site "Saint-Chely d'Aubrac"]
[Date "2006.07.20"]
[Round "6.28"]
[White "Lepere, Philippe"]
[Black "Carabetta, Gaetan"]
[Result "1/2-1/2"]
[WhiteElo "1720"]
[BlackElo "1520"]
[PlyCount "76"]
[EventDate "2006.07.??"]

1. e4 c5 2. Nf3 Nc6 3. g3 g6 4. Bg2 Bg7 5. O-O d6 6. d3 Bd7 7. Nbd2 Nf6 8. Re1
O-O 9. a4 Qc7 10. Nc4 Bg4 11. h3 Bxf3 12. Bxf3 Nd7 13. c3 Rfd8 14. Ne3 Nde5 15.
Be2 e6 16. f4 Nd7 17. f5 d5 18. exd5 Qxg3+ 19. Ng2 Nce5 20. d4 cxd4 21. cxd4
Qxh3 22. Bf4 Qxf5 23. dxe5 Nxe5 24. d6 Nc6 25. Qb3 b6 26. Rac1 Nd4 27. Qb4
Nxe2+ 28. Rxe2 Rd7 29. Rec2 Bf8 30. Rc8 Rxc8 31. Rxc8 Qf6 32. Qb5 Rd8 33. d7
Qd4+ 34. Kh2 Rxd7 35. Qg5 f5 36. Nh4 Qxb2+ 37. Ng2 Qd4 38. Nh4 Qb2+ 1/2-1/2

[Event "Saint-Chely d'Aubrac Op"]
[Site "Saint-Chely d'Aubrac"]
[Date "2006.07.19"]
[Round "6.29"]
[White "Bou, Georges"]
[Black "Tournier, Jean-Pascal"]
[Result "0-1"]
[WhiteElo "1420"]
[BlackElo "1560"]
[PlyCount "72"]
[EventDate "2006.07.??"]

1. e4 e5 2. Nf3 Nc6 3. Bb5 a6 4. Ba4 Nf6 5. O-O Be7 6. a3 b5 7. Bb3 O-O 8. Re1
d6 9. c3 Bg4 10. d4 exd4 11. cxd4 Bxf3 12. gxf3 Qd7 13. Be3 Na5 14. Nd2 Nxb3
15. Qxb3 Nh5 16. Rac1 Bh4 17. Nf1 Kh8 18. Kg2 g5 19. Ng3 Nf4+ 20. Bxf4 gxf4 21.
Nf5 Rg8+ 22. Kf1 Bf6 23. Ke2 Rg2 24. Rh1 Rag8 25. Nh6 R8g6 26. Ng4 Bxd4 27. h4
R6xg4 28. fxg4 Rxf2+ 29. Ke1 Qxg4 30. Rc2 Rxc2 31. Qxc2 Qg3+ 32. Ke2 Qf2+ 33.
Kd1 Qf3+ 34. Kd2 Qxh1 35. Kd3 Bc5 36. Qc3+ Kg8 0-1